000 02155nab a2200229 i 4500
001 BPP
003 BPK
005 20190610114319.0
008 141104s1990 pl n f |000 0pol
040 _cBPK
080 _a621.791/.795
100 _aWALASIK, Stanisław.
_d1973 - 1996.
_bWyższa Szkoła Inżynierska w Koszalinie - Wydział Mechaniczny,
_cZakład Maszyn i Urządzeń Rolniczych
245 _aWpływ konstrukcji głowicy osełkowej na możliwość uzyskania stałego nacisku osełki na przedmiot w całym cyklu gładzenia =
_bThe effect of honing tool design on the possibility of obtaining the hone constant pressure on the workpiece within the whole honing cycle /
_cStanisław Walasik, Marek Bohuszewicz.
260 _c1990.
500 _aDane z autopsji.
520 _aW artykule - pracy przeanalizowano główne czynniki mające istotny wpływ na prawidłowy przebieg procesu gładzenia - honowania. Dokonano szczegółowej analizy rozkładu sił występujących w głowicy osełkowej w pełnym cyklu obróbkowym. Stwierdzono, że w trakcie gładzenia, nacisk osełek na przedmiot obrabiany w strefie skrawania przy ruchu głowicy do góry jest 1,9 razy większy niż przy jej ruchu w dół. Powoduje to, że struktura geometryczna obrobionej powierzchni posiada rysy o różnej głębokości i wysokości wierzchołków oraz przypadkowym ich rozmieszczeniu, co wpływa ujemnie na współpracę skojarzenia tuleja - tłok, szczególnie w okresie docierania. Analiza ta pozwoliła na opracowanie konstrukcji specjalnej głowicy osełkowej zapewniającej stały nacisk narzędzia na powierzchnie obrabiane w pełnym cyklu gładzenia i kształtowania bardziej równomiernej stereometrii powierzchni o korzystnych właściwościach użytkowych.
650 0 _aPolerowanie.
650 0 _aInżynieria powierzchni
700 _aBOHUSZEWICZ, Marek.
_d1977 - 1996.
_bWyższa Szkoła Inżynierska w Koszalinie - Wydział Mechaniczny,
_cZakład Maszyn i Urządzeń Rolniczych
773 _iW :
_tZeszyty Naukowe Wydziału Mechanicznego Wyższej Szkoły Inżynierskiej w Koszalinie. -
_g1990, nr 14 [37], s. 235-258
942 _cART
_2UKD
999 _c459
_d459